书目信息 |
| 题名: |
深圳·园林设计廿年= Shenzhen landscape design over score years
|
|
| 作者: | ||
| 分册: | 实践篇 | |
| 出版信息: | 北京 中国城市出版社 |
|
| 页数: | 339页 | |
| 开本: | 28cm | |
| 丛书名: | ||
| 单 册: | ||
| 中图分类: | TU986.626.53 | |
| 科图分类: | ||
| 主题词: | 园林--规划 , 公园--绿化规划 | |
| 电子资源: | ||
| ISBN: | 978-7-5074-3091-2 | |
| 000 | 00569nam0 2200193 450 | |
| 001 | 1940500758 | |
| 005 | 20190305112004.63 | |
| 010 | @a978-7-5074-3091-2@dCNY238.00 | |
| 100 | @a20190305d km y0chiy0120 ea | |
| 101 | 0 | @achi |
| 102 | @aCN@b110000 | |
| 200 | 1 | @a深圳·园林设计廿年= Shenzhen landscape design over score years@h实践篇 |
| 210 | @a北京@c中国城市出版社 | |
| 215 | @a339页@d28cm | |
| 606 | 0 | @a园林@x规划 |
| 606 | 0 | @a公园@x绿化规划 |
| 690 | @aTU986.626.53@v4 | |
| 801 | 0 | @aCN@b大连网信软件有限公司图书馆·11@c20190305 |
| 905 | @aZUCC@dTU986.626.53@eS3771 | |
| 深圳·园林设计廿年= Shenzhen landscape design over score years.实践篇.-北京:中国城市出版社 |
| 339页;28cm |
| ISBN 978-7-5074-3091-2:CNY238.00 |
| ● |
| 相关链接 |
|
|
|
正题名:深圳·园林设计廿年= Shenzhen landscape d
索取号:TU986.626.53/S3771
 
预约/预借
| 序号 | 登录号 | 条形码 | 馆藏地/架位号 | 状态 | 备注 |
| 1 | 1305271 | 213052710 | 建筑库201/201建筑库 120排1列6层/ [索取号:TU986.626.53/S3771] | 在馆 |